Southville International School and Colleges
Your cart is empty.
  • Cart
  • Lists
    Public lists Eva Luna New books Lux_list list_1
    Your lists Log in to create your own lists
  • Log in to your account
  • Your cookies
  • Search history
Southville International School and Colleges
  • Advanced search
  • Recent comments
  • Most popular
  • Libraries

Log in to your account

Log in with GOOGLE


If you do not have an external account, but do have a local account, you can still log in:

  1. Home
  2. MARC view: Now you see me... /
Normal view MARC view ISBD view

Now you see me... / (Record no. 34346)

[ view plain ]
MARC details
000 -LEADER
fixed length control field 01407cam a22004217a 4500
003 - CONTROL NUMBER IDENTIFIER
control field OSt
005 - DATE AND TIME OF LATEST TRANSACTION
control field 20140310184430.0
008 - FIXED-LENGTH DATA ELEMENTS--GENERAL INFORMATION
fixed length control field 110510s2010 nyu j 000 1 eng d
010 ## - LIBRARY OF CONGRESS CONTROL NUMBER
LC control number 2011420621
020 ## - INTERNATIONAL STANDARD BOOK NUMBER
International Standard Book Number 9780545215138 (pbk.)
020 ## - INTERNATIONAL STANDARD BOOK NUMBER
International Standard Book Number 0545215137 (pbk.)
035 ## - SYSTEM CONTROL NUMBER
System control number (OCoLC)ocn601341558
040 ## - CATALOGING SOURCE
Original cataloging agency BTCTA
Language of cataloging eng
Transcribing agency BTCTA
Modifying agency IKG
-- WIQ
-- SINLB
-- JQJ
-- MCT
-- EHH
-- DLC
042 ## - AUTHENTICATION CODE
Authentication code lccopycat
050 00 - LIBRARY OF CONGRESS CALL NUMBER
Classification number PZ 7
Item number .M4116No 2010
100 1# - MAIN ENTRY--PERSONAL NAME
Personal name Mason, Jane B.
9 (RLIN) 23991
245 10 - TITLE STATEMENT
Title Now you see me... /
Statement of responsibility, etc Jane B. Mason & Sarah Hines Stephens
260 ## - PUBLICATION, DISTRIBUTION, ETC. (IMPRINT)
Place of publication, distribution, etc New York :
Name of publisher, distributor, etc Scholastic Inc.,
Date of publication, distribution, etc 2010.
300 ## - PHYSICAL DESCRIPTION
Extent 159 p. :
Dimensions 20 cm.
Other physical details ill. ;
440 ## - SERIES STATEMENT/ADDED ENTRY--TITLE
Title A poison apple book
9 (RLIN) 30274
490 1# - SERIES STATEMENT
Series statement Poison apple books
521 ## - TARGET AUDIENCE NOTE
Target audience note
526 ## - STUDY PROGRAM INFORMATION NOTE
Reading level 750
650 #0 - SUBJECT ADDED ENTRY--TOPICAL TERM
Topical term or geographic name as entry element Haunted houses
Form subdivision Haunted houses
9 (RLIN) 27063
650 #0 - SUBJECT ADDED ENTRY--TOPICAL TERM
Topical term or geographic name as entry element Girls
Form subdivision Juvenile fiction.
9 (RLIN) 27064
650 #0 - SUBJECT ADDED ENTRY--TOPICAL TERM
Topical term or geographic name as entry element Photography
Form subdivision Juvenile fiction.
9 (RLIN) 27065
650 #1 - SUBJECT ADDED ENTRY--TOPICAL TERM
Topical term or geographic name as entry element Haunted houses
Form subdivision Fiction.
9 (RLIN) 27066
650 #1 - SUBJECT ADDED ENTRY--TOPICAL TERM
Topical term or geographic name as entry element Girls
Form subdivision Fiction.
9 (RLIN) 27067
650 #1 - SUBJECT ADDED ENTRY--TOPICAL TERM
Topical term or geographic name as entry element Photography
Form subdivision Fiction.
9 (RLIN) 27068
700 1# - ADDED ENTRY--PERSONAL NAME
Personal name Hines-Stephens, Sarah.
9 (RLIN) 24000
830 #0 - SERIES ADDED ENTRY--UNIFORM TITLE
Uniform title Poison apple books.
9 (RLIN) 27057
906 ## - LOCAL DATA ELEMENT F, LDF (RLIN)
a 7
b cbc
c copycat
d 2
e ncip
f 20
g y-gencatlg
942 ## - ADDED ENTRY ELEMENTS (KOHA)
Source of classification or shelving scheme Library of Congress Classification
Koha item type
Holdings
Withdrawn status Lost status Source of classification or shelving scheme Damaged status Home library Current library Shelving location Date acquired Total Checkouts Full call number Barcode Date last seen Copy number Price effective from Koha item type Date checked out
    Library of Congress Classification   Luxembourg Library Luxembourg Library Scholastic Reading Center Section 10/09/2013   PZ 7 .M4116No 2010 LEX1363 04/18/2017 1 10/09/2013 Books  
    Library of Congress Classification   Luxembourg Library Luxembourg Library Scholastic Reading Center Section 10/09/2013 1 PZ 7 .M4116No 2010 LEX1364 04/18/2017 2 10/09/2013 Books 01/05/2016
    Library of Congress Classification   Luxembourg Library Luxembourg Library Scholastic Reading Center Section 10/22/2013   PZ 7 .M4116No 2010 SCHO0280 04/18/2017 3 10/22/2013 Books  

Now you see me... /

APA

Mason J. B., Hines-Stephens S., . (2010). Now you see me. New York: Scholastic Inc.

Chicago

Mason Jane B, Hines-Stephens Sarah, . 2010. Now you see me. New York: Scholastic Inc.

Harvard

Mason J. B., Hines-Stephens S., . (2010). Now you see me. New York: Scholastic Inc.

MLA

Mason Jane B, Hines-Stephens Sarah, . Now you see me. New York: Scholastic Inc. 2010.

  • Place hold
  • Print
  • Cite
  • Add to your cart (remove)
  • Save record
    BIBTEX Dublin Core MARCXML MARC (non-Unicode/MARC-8) MARC (Unicode/UTF-8) MARC (Unicode/UTF-8, Standard) MODS (XML) RIS
  • More searches
    Search for this title in:
    Other Libraries (WorldCat) Other Databases (Google Scholar) Online Stores (Bookfinder.com) Open Library (openlibrary.org)

Exporting to Dublin Core...

SOUTHVILLE LIBRARY

Southville International School and Colleges Library

1281 Tropical Ave. Cor. Luxembourg St., BF Homes International, Las Pinas City

Tel. No. 8256374 / 252358 Loc. 117/146

Powered by Koha